|
|
|
|
| LEADER |
00000naa2a2200000 4500 |
| 001 |
621468 |
| 005 |
20231101133149.0 |
| 035 |
|
|
|a (RuTPU)RU\TPU\conf\20084
|
| 035 |
|
|
|a RU\TPU\conf\20083
|
| 090 |
|
|
|a 621468
|
| 100 |
|
|
|a 20170109d2016 k y0rusy50 ca
|
| 101 |
0 |
|
|a rus
|
| 102 |
|
|
|a RU
|
| 105 |
|
|
|a y z 101zy
|
| 135 |
|
|
|a drgn ---uucaa
|
| 181 |
|
0 |
|a i
|
| 182 |
|
0 |
|a b
|
| 200 |
1 |
|
|a Повышение уровня финансовой грамотности посредством внедрения технологии "Edutainment"
|f М. С. Кириллина, Р. Р. Булатов, А. Н. Омирбекова
|g науч. рук. Е. С. Акельев
|
| 203 |
|
|
|a Текст
|c электронный
|
| 230 |
|
|
|a 1 компьютерный файл (pdf; 266 Kb)
|
| 300 |
|
|
|a Заглавие с титульного экрана
|
| 320 |
|
|
|a [Библиогр.: с. 73 (8 назв.)]
|
| 330 |
|
|
|a Рассмотрено понятие финансовая грамотности и основные проблемы связанные низкого уровня финансовой грамотности. Также проанализировано состояние финансовой грамотности на основе исследований и опросов. Сформулировано решение эффективного изучения экономической дисциплины, путем внедрения технологии "Edutainment".
|
| 463 |
|
1 |
|0 (RuTPU)RU\TPU\conf\20057
|t Непрерывное благополучие в мире
|l Lifelong Wellbeing In The World
|o сборник научных трудов Международного научного симпозиума, г. Томск, 11-16 сентября 2016 г.
|f Национальный исследовательский Томский политехнический университет (ТПУ) ; под ред. Г. А. Барышевой [и др.]
|v [С. 69-73]
|d 2016
|
| 610 |
1 |
|
|a труды учёных ТПУ
|
| 610 |
1 |
|
|a электронные ресурсы
|
| 610 |
1 |
|
|a финансовая грамотность
|
| 610 |
1 |
|
|a финансовые пирамиды
|
| 610 |
1 |
|
|a планирование
|
| 610 |
1 |
|
|a бюджет
|
| 610 |
1 |
|
|a Интернет
|
| 700 |
|
1 |
|a Кириллина
|b М. С.
|
| 701 |
|
1 |
|a Булатов
|b Р. Р.
|
| 701 |
|
1 |
|a Омирбекова
|b А. Н.
|
| 702 |
|
1 |
|a Акельев
|b Е. С.
|c экономист
|c доцент Томского политехнического университета, кандидат экономических наук
|f 1982-
|g Евгений Сергеевич
|2 stltpush
|4 727
|
| 712 |
0 |
2 |
|a Национальный исследовательский Томский политехнический университет (ТПУ)
|b Институт социально-гуманитарных технологий (ИСГТ)
|b Кафедра экономики (ЭКОН)
|h 149
|2 stltpush
|3 (RuTPU)RU\TPU\col\18375
|
| 801 |
|
2 |
|a RU
|b 63413507
|c 20170112
|g RCR
|
| 856 |
4 |
|
|u http://earchive.tpu.ru/handle/11683/35939
|
| 942 |
|
|
|c BK
|